El Derecho Natural y el reinado de Edipo rey

Detalles Bibliográficos
Autor principal: Martn̕ez Rodrg̕uez, Jos ̌Antonio
Otros Autores: Morillas Caro, Francisco
Formato: eBook
Lenguaje:español
Publicado: Barcelona: J.M. Bosch Editor, 2021
Materias:
Acceso en línea:Acceso restringido

MARC

LEADER 00000nam a22000007a 4500
005 20220519230530.0
007 cr|||| ||||
008 220519s2021 es |||||s|||| 00||0 spa d
020 |a 978-84-124193-9-9 
035 |a 35655 
040 |a vLex 
090 |c 13374  |d 13374 
100 1 |a Martn̕ez Rodrg̕uez, Jos ̌Antonio 
245 1 2 |a El Derecho Natural y el reinado de Edipo rey  |h [Recurso electrn̤ico] /  |c Jos ̌Antonio Martn̕ez Rodrg̕uez, Francisco Morillas Caro 
256 |a Servicio en ln̕ea 
260 |a Barcelona:  |b J.M. Bosch Editor,  |c 2021 
300 |a 1 recurso electrn̤ico 
500 |a Derecho e Historia indisolublemente unidas en esta obra El Derecho Natural y el Reinado de Edipo Rey; dos Ciencias que tienen en comn︢ mucho ms̀ de lo que parece, son dinm̀icas, para nada estt̀icas, en continuo cambio con continuas aportaciones que nos hacen pensar que ambas son, un continuo volver a empezar; cuyos objetivos principales son el conocimiento y la mejora del ser humano en sociedad. A travš de este libro nos acercamos a conceptos como el Derecho Griego (Arcaico y Cls̀ico), el Derecho Natural, a la mitologa̕, a las leyendas, a la tragedia, incluso al psicoanl̀isis. Un verdadero compendio de conceptos que al final forman un macropuzle en el cual todo finaliza encajando. Un libro ameno, de fc̀il lectura que acerca tanto a entendidos como a profanos en la materia a las Ciencias anteriormente referidas. Al ser humano nada de lo que ocurre en su entorno le es ajeno. Ni el ms̀ leve aleteo de una mariposa dejar ̀de sentirse en todo el Universo. El Derecho, en suma, lo que pretende como objetivo principal es mejorar la vida del ser humano y de crear una sociedad ms̀ justa y equitativa; en la cual se d ̌a cada cual lo suyo. Eso, a lo largo de la Historia ha tenido una gňesis y una evolucin̤. 
506 1 |a Disponible solo en los productos indicados  |d vLex Global  |d vLex Global (Academic Edition, excluding Law Schools)  |d vLex Global (U.S. Academic Edition, Law Schools)  |d vLex Global (U.S. Academic Edition, excluding Law Schools)  |d vLex Global (Academic Edition, Law Schools) 
650 0 4 |a Derecho Militar  |z Espaą 
700 1 |a Morillas Caro, Francisco 
740 0 |a vLex Libros (Servicio en ln̕ea) 
856 4 0 |u https://app.vlex.com/#/sources/35655  |z Acceso restringido 
942 |c BOOK 
999 0 |a Military Law